Vysoké Tatry Vodopád Studené vody

Bibliographic Details
Other Authors: Chytil, Alois, 1877-1949 (Photographer)
Format: Postcard
Language:Czech
PhysicalDescription:1 pohľadnica čiernobiela 15x10 cm
Published: v Praze Nakl.: Pracovní sbor sportovní a turistický 1920
Subjects:

MARC

LEADER 00000nkm a2200000 a 4500
001 vtls010861537
003 SK-MaSNL
005 20260512124519.0
007 kp bo
008 231214s1920 xr g 00 kucze
015 |a SNBG 
035 |a 8B9202AF-DEC7-42DB-A410-298B16414402 
035 |a urn:nbn:sk:snk-kmxzv4 
035 |a urn:nbn:sk:snk-km007c53 
040 |a SNK  |b slo  |c SNK  |e AACR2 
041 0 |a cze 
043 |a e-xo--- 
044 |a xr  |c CZ 
080 |a 908(437.6)  |2 2001 
080 |a (084.121)  |2 2001 
080 |a (234.372.4)  |2 2008 
080 |a 551.435.14(282.3)  |2 2001 
100 1 |a Chytil, Alois,  |d 1877-1949  |4 pht  |9 61994 
245 1 0 |a Vysoké Tatry  |h grafika  |b Vodopád Studené vody  |c Fot. A. Chytil 
260 |a v Praze  |b Nakl.: Pracovní sbor sportovní a turistický  |c 1920 
300 |a 1 pohľadnica  |b čiernobiela  |c 15x10 cm 
650 0 7 |a vodopády  |2 SNKPH  |9 55574 
651 7 |a Vysoké Tatry (Poľsko a Slovensko : pohorie)  |2 SNKPHgeo  |9 67729 
655 7 |a geografické pohľadnice  |2 SNKPH  |9 70522 
752 |a Česko  |d Praha 
852 |a Slovenská národná knižnica 
958 |a GBN 
958 |a GC 
958 |a ONDV 
999 |c 928713  |d 930643 
952 |a SNK  |b SNK  |y PREZ  |7 0  |p 17A1164082  |o snkSP 4220  |0 0  |1 0  |4 0  |d 2015-08-18  |f 1  |l 0  |r 2026-02-24 08:40:39  |w 2026-02-24